| 000 | 00646nam a2200229 a 4500 | ||
|---|---|---|---|
| 001 | 1917 | ||
| 003 | CDMR | ||
| 005 | 20131118180953.0 | ||
| 008 | 130130s1989||||||||||||||||||||||||||||d | ||
| 020 | _a8423924459 | ||
| 040 |
_aCDMR _bcat _cCDMR |
||
| 100 | 1 |
_aSinova, Justino _91430 |
|
| 245 | 1 | 3 |
_aLa censura de prensa durante el franquismo _b: 1936-1951 _cJustino Sinova |
| 260 |
_aMadrid _c1989 _bEspasa-Calpe |
||
| 300 | _a310 p. | ||
| 490 | 0 | _aEspasa Mañana | |
| 586 | _aPremio ex aequo Espasa-Mañana de Ensayp, 1989 | ||
| 650 | 0 | 4 |
_93312 _aFranquisme |
| 650 | 0 | 4 |
_92723 _aCensura |
| 650 | 0 | 4 |
_91582 _aLlibertat d'impremta |
| 942 |
_cMON _2udc |
||
| 999 |
_c1917 _d1917 |
||